000 01423nam0a22002651 4500
001 rc\3590900
005 20260407144632.0
021 _aRU
_bРг9634-73
021 _aRU
_b73-53112
035 _a(NLR Aleph) 007702420
090 _a6761123
_c6761123
100 _a20130115d1973 u y0rusy50 ca
101 0 _arus
102 _aRU
105 _aa c |||||
200 1 _aПорядок внедрения ГОСТ 6.37-71 "Документация внешнеторговая. Товаросопроводительные документы предприятий. Типовые формы"
_eМетод. указания
_fГос. ком. стандартов Совета Министров СССР. Всесоюз. науч.-исслед. ин-т стандартизации
210 _aМосква
_cИзд-во стандартов
_d1973
215 _a35 с.
_cил.
_d30
532 1 1 _aПорядок внедрения Государственного стандарта шесть тридцать семь - семьдесят один "Документация внешнеторговая. Товаросопроводительные документы предприятий. Типовые формы"
712 0 2 _aВНИИ стандартизации
_3RU\NLR\AUTH\8810020283
_9538563
801 0 _aRU
_bNLR
_gpsbo
801 1 _aRU
_bELAR
_2rusmarc
852 _aNLR
_j73-8/895
942 _cBOOK
980 _aNB